000 02115cam a22003254a 4500
001 12780912
003 ARRUPE
005 20131203173638.0
008 020518s2002 enk b 001 0 eng
010 _a 2002070134
020 _a0199246181
040 _aDLC
_cDLC
_dDLC
042 _apcc
050 0 0 _aQA8.4
_b.F56 2002
082 0 0 _a510/.1
_221
100 1 _aFine, Kit.
_94899
245 1 4 _aThe limits of abstraction /
_cKit Fine.
260 _aOxford ;
_aNew York :
_bOxford University Press,
_c2002.
300 _ax, 203 p. ;
_c23 cm.
504 _aIncludes bibliographical references (p. [193]-196) and indexes.
505 8 _aMachine generated contents note: I. Philosophical Introduction 1 -- 1. Truth 3 -- 2. Definition 15 -- 3. Reconceptualization 35 -- 4. Foundations 41 -- 5. The Identity of Abstracts 46 -- II. The Context Principle 55 -- 1. What is the Context Principle? 56 -- 2. Completeness 60 -- 3. The Caesar Problem 68 -- 4. Referential Determinacy 77 -- 5. Predicativity 81 -- 6. The Possible Predicative Content of Hume's Law 90 -- III. The Analysis of Acceptability 101 -- 1. Language and Logic 101 -- 2. Models 105 -- 3. Preliminary Results 107 -- 4. Tenability 114 -- 5. Generation 118 -- 6. Categoricity 122 -- 7. Invariance 138 -- 8. Hyperinflation 156 -- 9. Internalized Proofs 161 -- IV. The General Theory of Abstraction 165 -- 1. The Systems 165 -- 2. Semantics 175 -- 3. Derivations 189 -- 4. Further Work 191.
650 0 _aMathematics
_xPhilosophy.
_94900
650 0 _aAbstraction.
_94901
856 4 1 _3Table of contents only
_uhttp://www.loc.gov/catdir/toc/fy033/2002070134.html
856 4 2 _3Publisher description
_uhttp://www.loc.gov/catdir/enhancements/fy0613/2002070134-d.html
856 4 2 _3Contributor biographical information
_uhttp://www.loc.gov/catdir/enhancements/fy0726/2002070134-b.html
906 _a7
_bcbc
_corignew
_d1
_eocip
_f20
_gy-gencatlg
942 _2lcc
_cMONOGRAPH
999 _c119011
_d119011